000 00432pam a2200169 a 4500
020 _c
041 _h
082 _bPOW/SCH
100 _aPOWELL T AND SCHNEIDER.
245 _aTHE COMPLETE REFERENCE JAVA SCRIPT/
_hTextual Documents
250 _a01-01-2002.
260 _bTATA MC GRAW HILL INT. NEW DELHI
300 _aXXIV/1079
500 _a4848
653 _aSOFTWARE TESTING AND QUALITY ASSURANCE (B.E.)
930 _a4441
999 _c47666
_d47666